| 000 | 00686cam a22002533a 4500 | ||
|---|---|---|---|
| 001 | 2529 | ||
| 003 | PGUSA | ||
| 005 | 20140828083016.0 | ||
| 008 | 010201s2001||||xxu|||||s|||||000 | eng d | ||
| 040 |
_aPGUSA _beng |
||
| 042 | _adc | ||
| 050 | 4 | _aBF | |
| 100 | 1 |
_aRussell, Bertrand, _d1872-1970 |
|
| 245 | 1 | 4 |
_aThe Analysis of Mind _h[electronic resource] / _cBertrand Russell |
| 260 |
_bProject Gutenberg, _c2001 |
||
| 506 | _aPublic domain in the USA. | ||
| 516 | _aElectronic text | ||
| 653 | _aKnowledge, Theory of | ||
| 653 | _aPsychology | ||
| 653 | _aConsciousness | ||
| 830 | 0 |
_aProject Gutenberg _v2529 |
|
| 856 | 4 | 0 | _uhttp://www.gutenberg.org/ebooks/2529 |
| 942 | _cEB | ||
| 999 |
_c231866 _d231866 |
||